000 00978nam a2200301 ia4500
001 C2-0327787
003 PPAK
005 20201201122016.0
008 140713s2011 my a jr | 0 bmay d
020 _a9789675934001
_qset
020 _a9789675934049
_qhardback
040 _aPPAK
_beng
_cPPAK
_erda
082 0 4 _a922.97
_223
090 0 0 _a922.97
_bMAR
_dK
100 0 _aMaruwiah Ahmat,
_d1968-
_eauthor.
245 1 0 _aIBN RUSHD /
_cMaruwiah Ahmat
264 1 _aShah Alam, Selangor :
_bAspirasi Ayahbonda Enterprise,
_c2011
300 _a28 pages :
_bcolour illustrations ;
_c22 cm
336 _2rdacontent
_atext
337 _2rdamedia
_aunmediated
338 _2rdacarrier
_avolume
490 1 _aSiri Tokoh Sarjana Andalusia
504 _a Includes bibliographical references.
600 1 0 _aIbn Rushd, Muhammad ibn Ahmad,
_d1058-1126
650 1 0 _aScholars, Muslim
_vAndalusia (Spain)
_xBiography.
830 0 _aSiri tokoh sarjana Andalusia
942 _cB
_2ddc
999 _c127321
_d127321